Normal view
MARC view
Entry Personal Name
001 - CONTROL NUMBER
- control field: 164616
003 - CONTROL NUMBER IDENTIFIER
- control field: OSt
005 - DATE AND TIME OF LATEST TRANSACTION
- control field: 20220923220804.0
008 - FIXED-LENGTH DATA ELEMENTS
- fixed length control field: 220923|| aca||aabn | a|a d
040 ## - CATALOGING SOURCE
- Original cataloging agency: OSt
- Transcribing agency: OSt
100 ## - HEADING--PERSONAL NAME
- Personal name: माचवे, प्रभाकर; दफतुआर, सुरेन्द्र नारायण
670 ## - SOURCE DATA FOUND
- Source citation: Work cat.: (OSt)343244: माचवे, प्रभाकर; दफतुआर, सुरेन्द्र नारायण, आधुनिक भारत के विचारक, 1978
